| 000 | 01307nam a22002297a 4500 | ||
|---|---|---|---|
| 999 |
_c62580 _d62580 |
||
| 003 | Ge_BSU | ||
| 005 | 20241210114608.0 | ||
| 008 | 241210s2024 ge ||||| |||| 00| 0 geo d | ||
| 020 | _a9789941336805 | ||
| 041 | _ageo | ||
| 080 | _a159.937 მ-40 | ||
| 100 |
_aმაღრაძე, მერაბ _92791 |
||
| 245 |
_aსწავლის ფსიქოლოგიის საკითხები განწყობის თეორიის თვალსაზრისით. _b(დამხმარე სახ-ლო კურსისთვის "განათლების ფსიქოლოგია") / _cმერაბ მაღრაძე; რედ. რამაზ საყვარელიძე; თსუ. |
||
| 264 |
_aთბილისი : _bუნივერსალი, _c2024. |
||
| 300 |
_a205 გვ. ; _b20 სმ. |
||
| 490 | _aფსიქოლოგიური განწყობის კვლევს და კორექციის ცენტრი | ||
| 653 | _aფსიქოლოგია | ||
| 653 | _aგანწყობის თეორია | ||
| 700 |
_aსაყვარელიძე, რამაზ _eრედაქტორი _92792 |
||
| 773 | _tნაჩუქარი | ||
| 942 |
_2udc _cᲬᲘᲒᲜᲘ |
||